Normal view
MARC view
Entry Nombre geográfico
001 - NÚMERO DE CONTROL
- campo de control: 32218
003 - IDENTIFICADOR DEL NÚMERO DE CONTROL
- campo de control: OSt
005 - FECHA Y HORA DE LA ÚLTIMA TRANSACCIÓN
- campo de control: 20200615033332.0
008 - DATOS DE LONGITUD FIJA
- campo de control de longitud fija: 200615|| aca||aabn | a|a d
040 ## - FUENTE DE LA CATALOGACIÓN
- Centro catalogador/agencia de origen: OSt
- Centro/agencia transcriptor: OSt
151 ## - ENCABEZAMIENTO--NOMBRE GEOGRÁFICO
- Nombre geográfico: Central America
- Subdivisión general: History
- Subdivisión cronológica: To 1821
- Subdivisión general: Congresses
670 ## - FUENTE DE DATOS ENCONTRADOS
- Cita de la fuente: Work cat.: (OSt)13864: Memoria del congreso sobre el Mundo Centroamericano de Su Tiempo (24 - 25 - 26 - y 27 de Agosto, 1978 : Nicoya, Costa Rica) 32214, Vo. centenario de Gonzalo Fernández de Oviedo :, [1980].
